|
|
|
|
| LEADER |
01293nam a2200349 a 4500 |
| 001 |
000384520 |
| 003 |
CZ BrMZK |
| 005 |
20260211085658.0 |
| 008 |
010907s1999 xr a e f 0 cze d |
| 015 |
|
|
|a cnb000607583
|
| 020 |
|
|
|a 80-85978-52-0
|
| 035 |
|
|
|a (OCoLC)84962264
|
| 040 |
|
|
|a BOA001
|b cze
|
| 072 |
|
7 |
|a 796
|x Sport. Hry. Tělesná cvičení
|2 Konspekt
|9 20
|
| 080 |
|
|
|a 796.11.05
|2 MRF
|
| 080 |
|
|
|a (035)
|2 MRF
|
| 100 |
1 |
|
|a Jandová, Jana,
|d 1957-
|7 mzk2007394910
|
| 245 |
1 |
0 |
|a Lovci mamutů :
|b celotáborová hra /
|c Jana Jandová
|
| 246 |
3 |
3 |
|a Celotáborová hra Lovci mamutů
|
| 250 |
|
|
|a 1. vyd.
|
| 260 |
|
|
|a Brno :
|b Mravenec,
|c 1999
|
| 300 |
|
|
|a 36 s. :
|b il. ;
|c 21 cm
|
| 490 |
1 |
|
|a Celotáborové hry ;
|v 37
|
| 500 |
|
|
|a Náz v. tir.: Etapová hra: Lovci mamutů. - Vyd. Česká rada Pionýra Praha. - Učební pomůcka pro volný čas.
|
| 650 |
0 |
7 |
|a etapové hry
|7 ph114487
|2 czenas
|
| 655 |
|
7 |
|a příručky
|7 fd133209
|2 czenas
|
| 830 |
|
0 |
|a Celotáborové hry
|
| 910 |
|
|
|a BOA001
|b X-1053.844
|b PK-0131.785
|
| 920 |
|
|
|a 000408084
|
| 990 |
|
|
|a BK
|
| 996 |
7 |
|
|b 2610084075
|c X-1053.844
|l MZK
|r Sklad / do 24 hodin
|n 24
|p p.v.
|w 000384520
|u 000010
|a 1
|e BOA001
|j MZK50
|s A
|
| 996 |
7 |
|
|b 3119016344
|c PK-0131.785
|l MZK
|r Sklad / do 1 hodiny
|n 15
|p kup
|w 000384520
|u 000020
|a 1
|e BOA001
|j MZK50
|s A
|